[Event "London Classic Open 2018"]
[Site "London ENG"]
[Date "2018.12.13"]
[Round "5.49"]
[White "Knudsen, Simon"]
[Black "Wilks, Simon"]
[Result "0-1"]
[WhiteElo "2206"]
[BlackElo "2019"]
[WhiteFideId "12985546"]
[BlackFideId "427357"]
[EventDate "2018.12.09"]

1. e4 e6 2. d4 d5 3. Nd2 Nc6 4. Ngf3 Nf6 5. e5 Nd7 6. c4 dxc4 7. Nxc4 Nb4 8. a3
Nd5 9. Bd3 a6 10. O-O b5 11. Ncd2 c5 12. Ne4 cxd4 13. Re1 Nc5 14. Bb1 h6 15.
Nxd4 Nxe4 16. Bxe4 Bb7 17. Qf3 Qd7 18. Bd2 Bc5 19. Nb3 Bb6 20. Rac1 O-O 21. Nc5
Bxc5 22. Rxc5 Rac8 23. Rcc1 Rxc1 24. Bxc1 Ba8 25. Qg3 Kh8 26. Bb1 Ne7 27. Qh3
Ng8 28. Be3 Qd5 29. Qg3 Qb3 30. Bc5 Qxg3 31. hxg3 Rd8 32. Bd6 Rc8 33. Bd3 h5 34.
a4 bxa4 35. Ra1 Nh6 36. Bb4 Bc6 37. Bxa6 Rb8 38. Bc3 Nf5 39. Be2 g6 40. Bd1 Ra8
41. Kf1 Ne7 42. Rc1 Nd5 43. Bd4 Bb5+ 44. Ke1 Rd8 45. Bc5 Rc8 46. Kd2 Kh7 47. Bd6
Rxc1 48. Kxc1 Kg7 49. Kd2 f6 50. Be2 Bc6 51. Bf3 Kf7 52. Kd3 f5 53. Kd4 Ke8 54.
Kc5 Kd7 55. Be2 f4 56. g4 h4 57. Bf3 Nb4 58. Bxc6+ Nxc6 59. f3 g5 60. Kc4 Na5+
61. Kb4 Nc6+ 62. Kc5 Na5 63. Kd4 Nc6+ 64. Kd3 Ke8 65. Ke4 Na5 66. Bb4 Nc4 67.
Bc5 Nxb2 68. Kd4 Nd1 69. Kc4 Ne3+ 70. Kb4 Nxg2 71. Kxa4 Ne1 0-1

[Event "London Classic Open 2018"]
[Site "London ENG"]
[Date "2018.12.13"]
[Round "5.50"]
[White "Coote, Trevor D"]
[Black "Laustsen, Lars"]
[Result "1-0"]
[WhiteElo "2057"]
[BlackElo "2186"]
[WhiteFideId "410039"]
[BlackFideId "1407554"]
[EventDate "2018.12.09"]

1. e4 c5 2. c4 Nc6 3. Nc3 g6 4. g3 Bg7 5. Bg2 e6 6. Nge2 Nge7 7. O-O O-O 8. d3
b6 9. Be3 Nd4 10. f4 Bb7 11. Rb1 d6 12. a3 Qd7 13. Bf2 Rad8 14. Nxd4 cxd4 15.
Ne2 e5 16. Be1 f5 17. b4 fxe4 18. dxe4 Rc8 19. Qd3 Rc7 20. Bd2 Rfc8 21. Rbc1 Qe6
22. f5 gxf5 23. exf5 Qf6 24. Bxb7 Rxb7 25. g4 Bh6 26. Bxh6 Qxh6 27. Rf3 Kh8 28.
Rh3 Qg5 29. Qe4 Rbc7 30. Rf1 Rxc4 31. f6 Ng6 32. Rf5 Qd2 33. Rxh7+ Kxh7 34. Rh5+
Qh6 35. Rxh6+ Kxh6 36. Qf5 Nf4 37. Nxf4 Rc1+ 38. Kf2 1-0

[Event "London Classic Open 2018"]
[Site "London ENG"]
[Date "2018.12.13"]
[Round "5.51"]
[White "Fischer, Daniel"]
[Black "Zhou, Yang-Fan"]
[Result "1/2-1/2"]
[WhiteTitle "FM"]
[BlackTitle "IM"]
[WhiteElo "2324"]
[BlackElo "2434"]
[WhiteFideId "1328360"]
[BlackFideId "468584"]
[EventDate "2018.12.09"]

1. e4 c5 2. Nf3 Nc6 3. d4 cxd4 4. Nxd4 e5 5. Nb5 d6 6. N1c3 a6 7. Na3 b5 8. Nd5
Nge7 9. c4 Nxd5 10. exd5 Nd4 11. Bd3 Be7 12. O-O O-O 13. cxb5 axb5 14. Nxb5 Nxb5
15. Bxb5 f5 16. Re1 f4 17. a4 Rf6 18. Ra3 Qf8 19. Bd3 Bd8 20. b4 Bb6 21. Bb2 Rh6
22. a5 Ba7 23. Be4 Qf6 24. Qc2 Bd7 25. Rc3 Qh4 26. h3 g5 27. Rc7 Bxh3 28. gxh3
Qxh3 29. Bg2 Qg4 30. Qe2 Qh4 31. Rec1 Rf6 32. Rc8+ Rf8 33. Rxa8 Rxa8 34. Rc7 g4
35. Qc2 f3 36. Rc8+ Rxc8 37. Qxc8+ Kf7 38. Qd7+ Qe7 39. Qxe7+ Kxe7 40. b5 Bc5
41. Bc1 fxg2 42. Be3 Bxe3 43. fxe3 Kd7 1/2-1/2

[Event "London Classic Open 2018"]
[Site "London ENG"]
[Date "2018.12.13"]
[Round "5.52"]
[White "Martinez, Ayelen"]
[Black "Ditmas, Hugh"]
[Result "0-1"]
[WhiteTitle "WIM"]
[WhiteElo "2185"]
[BlackElo "1978"]
[WhiteFideId "118702"]
[BlackFideId "1270666"]
[EventDate "2018.12.09"]

1. e4 c5 2. Nf3 Nc6 3. d4 cxd4 4. Nxd4 Nf6 5. Nc3 e5 6. Ndb5 d6 7. Bg5 a6 8. Na3
b5 9. Nd5 Be7 10. Bxf6 Bxf6 11. c4 b4 12. Nc2 O-O 13. g3 Bg5 14. h4 Bh6 15. Bh3
Be6 16. Kf1 a5 17. Kg2 Rb8 18. b3 Ne7 19. Nce3 Bxe3 20. Nxe3 Qd7 21. Qd3 Rfd8
22. Rad1 Rb7 23. h5 h6 24. f4 f6 25. c5 Bxh3+ 26. Rxh3 Qe6 27. cxd6 exf4 28.
gxf4 Kh8 29. Qc4 Rxd6 30. Rxd6 Qxd6 31. Nd5 Nxd5 32. Qc8+ Kh7 33. Qf5+ Kg8 34.
exd5 Re7 35. Rd3 Qc5 36. Rd2 Re1 37. Rf2 Qc1 38. Qc2 Qe3 39. d6 Rc1 40. Qf5 Qe1
41. Qd5+ Kh8 42. Kg3 Rc2 43. Qg2 Rc3+ 44. Kh4 f5 45. Qf1 Qe6 46. Rf3 Qxd6 47.
Qe2 Qc6 48. Re3 Qh1+ 49. Kg3 Qg1+ 50. Kf3 Rc1 51. Re8+ Kh7 52. Qb5 Rc3+ 53. Ke2
Rc2+ 54. Kf3 Qf2# 0-1

[Event "London Classic Open 2018"]
[Site "London ENG"]
[Date "2018.12.13"]
[Round "5.53"]
[White "Flear, Christine"]
[Black "Lim, Zhuo Ren"]
[Result "0-1"]
[WhiteTitle "WIM"]
[BlackTitle "FM"]
[WhiteElo "2055"]
[BlackElo "2184"]
[WhiteFideId "602604"]
[BlackFideId "5702488"]
[EventDate "2018.12.09"]

1. d4 Nf6 2. c4 e6 3. g3 d5 4. Bg2 Be7 5. Nf3 O-O 6. O-O dxc4 7. Qc2 a6 8. a4
Bd7 9. Qxc4 Bc6 10. Bf4 Bd6 11. Bd2 b5 12. Qc2 Be4 13. Qb3 Bd5 14. Qc2 Nc6 15.
axb5 axb5 16. Rxa8 Qxa8 17. Be3 Nb4 18. Qc1 Na2 19. Qc2 Qb7 20. Nh4 Nb4 21. Qc1
Ra8 22. Nc3 Bxg2 23. Nxg2 Nbd5 24. Bg5 Nxc3 25. Qxc3 Ne4 26. Qc1 Nxg5 27. Qxg5
h6 28. Qd2 Ra2 29. Rb1 Qe4 30. Qd1 c5 31. dxc5 Bxc5 32. Nf4 Bb6 33. Nd3 Ra4 34.
Rc1 Rc4 35. Ra1 h5 36. Ra6 Qb7 37. Qa1 h4 38. Ne5 h3 39. Nf3 Qxa6 0-1

[Event "London Classic Open 2018"]
[Site "London ENG"]
[Date "2018.12.13"]
[Round "5.54"]
[White "Grigoryan, Meri"]
[Black "Brooks, Phil J"]
[Result "1/2-1/2"]
[WhiteTitle "WFM"]
[WhiteElo "2054"]
[BlackElo "2184"]
[WhiteFideId "13300571"]
[BlackFideId "405540"]
[EventDate "2018.12.09"]

1. d4 e6 2. Nf3 d5 3. c4 Nf6 4. e3 Be7 5. Nc3 Nbd7 6. Bd3 dxc4 7. Bxc4 a6 8. a4
c5 9. O-O O-O 10. Qe2 cxd4 11. exd4 Nb6 12. Bd3 Nbd5 13. Rd1 b6 14. Nxd5 Qxd5
15. Bc4 Qd8 16. Bf4 Bb7 17. Rac1 Nd5 18. Bg3 Qd7 19. Bb3 Rfc8 20. Ne5 Qe8 21.
Bc2 Nb4 22. Bb3 Bd5 23. Bxd5 Nxd5 24. Rxc8 Qxc8 25. Qh5 Qe8 26. Rc1 Nf6 27. Qf3
Rc8 28. Rc6 Rxc6 29. Qxc6 Qxc6 30. Nxc6 Nd5 31. Nxe7+ Nxe7 32. Bc7 Nd5 33. Bd6
f6 34. g4 Kf7 35. Kg2 Ke8 36. Kf3 Kd7 37. Bf8 g6 38. Ke4 Kc6 39. h4 Kd7 40. f3
Ke8 41. Ba3 b5 42. axb5 axb5 43. Bc5 Kf7 44. f4 f5+ 45. gxf5 gxf5+ 46. Ke5 h5
47. b4 Ne3 48. Kd6 Ng2 49. d5 exd5 50. Ke5 Nxh4 51. Bf2 Ng6+ 52. Kxf5 Ne7+ 53.
Kg5 Nc6 54. Be1 d4 55. Kxh5 d3 56. Bc3 Ne7 57. Kg4 Ke6 58. f5+ Nxf5 59. Kf4 Nd6
60. Ke3 d2 61. Bxd2 Nc4+ 62. Kd3 Nxd2 63. Kxd2 Kd5 64. Kd3 1/2-1/2

[Event "London Classic Open 2018"]
[Site "London ENG"]
[Date "2018.12.13"]
[Round "5.55"]
[White "Brozel, Sacha"]
[Black "Balaji, Aaravamudhan"]
[Result "1/2-1/2"]
[WhiteElo "2182"]
[BlackElo "1914"]
[WhiteFideId "429317"]
[BlackFideId "436224"]
[EventDate "2018.12.09"]

1. g3 Nf6 2. Bg2 g6 3. c4 Bg7 4. Nc3 O-O 5. e4 d6 6. Nge2 c5 7. O-O Nc6 8. d3 a6
9. h3 Rb8 10. a4 Ne8 11. Be3 Nc7 12. d4 cxd4 13. Nxd4 Ne6 14. Nde2 Nc5 15. Rb1
f5 16. Kh2 Nxe4 17. Nxe4 fxe4 18. Bxe4 Bf5 19. Bxf5 Rxf5 20. g4 Rf7 21. f4 Qd7
22. Qd5 e6 23. Qd2 d5 24. Rfd1 Qe7 25. b3 Rd8 26. Bb6 Rd7 27. Qe3 dxc4 28. Bc5
Qd8 29. Rxd7 Qxd7 30. bxc4 e5 31. Kg2 Nd4 32. Nxd4 exd4 33. Qe4 Qxa4 1/2-1/2

[Event "London Classic Open 2018"]
[Site "London ENG"]
[Date "2018.12.13"]
[Round "5.56"]
[White "Ogunshola, Ben"]
[Black "Jain, Gautam"]
[Result "1-0"]
[WhiteElo "2172"]
[BlackElo "1926"]
[WhiteFideId "8500231"]
[BlackFideId "425311"]
[EventDate "2018.12.09"]

1. c4 f5 2. Nf3 Nf6 3. Nc3 g6 4. g3 Bg7 5. Bg2 O-O 6. O-O d6 7. d4 e6 8. Qc2 Qe7
9. e4 e5 10. Bg5 Nc6 11. Rad1 Qf7 12. dxe5 dxe5 13. b3 Nd4 14. Nxd4 exd4 15. e5
dxc3 16. exf6 Bxf6 17. Bxf6 Qxf6 18. f4 a5 19. Rd3 Ra6 20. Rfd1 Kg7 21. Qxc3
Qxc3 22. Rxc3 Re6 23. Kf2 Rfe8 24. Bf3 h6 25. Rd5 Re1 26. Rxa5 Bd7 27. Rc2 g5
28. Bxb7 c6 29. Rd2 Kf8 30. Rc5 Rh1 31. Kg2 Ree1 32. Bxc6 Reg1+ 33. Kf2 Bxc6 34.
Rxc6 Rxh2+ 35. Kxg1 Rxd2 36. fxg5 hxg5 37. Rf6+ Ke7 38. Rxf5 Rxa2 39. Rxg5 Rc2
40. Re5+ Kd6 41. Re3 Kc5 42. g4 Kb4 43. g5 Ra2 44. g6 Ra7 45. Rg3 Rg7 46. Kg2 1-0

[Event "London Classic Open 2018"]
[Site "London ENG"]
[Date "2018.12.13"]
[Round "5.57"]
[White "Stigar, Petter"]
[Black "Cole, James"]
[Result "1-0"]
[WhiteTitle "FM"]
[WhiteElo "2171"]
[BlackElo "1914"]
[WhiteFideId "1500341"]
[BlackFideId "431818"]
[EventDate "2018.12.09"]

1. Nf3 Nf6 2. c4 c5 3. Nc3 d5 4. cxd5 Nxd5 5. d4 Nxc3 6. bxc3 g6 7. Bf4 Bg7 8.
e3 O-O 9. Bd3 Nc6 10. O-O Bg4 11. Be4 Rc8 12. Rb1 b6 13. Qa4 Bxf3 14. Bxf3 Na5
15. Rbc1 Qe8 16. Qxe8 Rfxe8 17. Rfd1 c4 18. Kf1 Rcd8 19. Ke2 Bf6 20. Rb1 Rd7 21.
Rb5 Rc8 22. e4 e6 23. e5 Be7 24. d5 exd5 25. Bg4 1-0

[Event "London Classic Open 2018"]
[Site "London ENG"]
[Date "2018.12.13"]
[Round "5.58"]
[White "Kromhout, Ewan"]
[Black "Eames, Robert S"]
[Result "0-1"]
[BlackTitle "FM"]
[WhiteElo "2019"]
[BlackElo "2167"]
[WhiteFideId "14300206"]
[BlackFideId "408743"]
[EventDate "2018.12.09"]

1. d4 Nf6 2. Nf3 c5 3. d5 b5 4. c3 Bb7 5. e4 Nxe4 6. Bxb5 e6 7. dxe6 fxe6 8. Bd3
Be7 9. Qc2 d5 10. Nbd2 c4 11. Nxc4 Nd7 12. Nce5 Nxe5 13. Nxe5 O-O 14. Be3 Bg5
15. Bxe4 dxe4 16. Rd1 Bd5 17. Ng4 Be7 18. Bd4 Qc7 19. Ne3 Bc6 20. c4 Qa5+ 21.
Bc3 Qxa2 22. Qb1 Qb3 23. O-O a5 24. Qc2 Qb7 25. Qe2 Bf6 26. Bxf6 Rxf6 27. Rd2 a4
28. Rfd1 Rff8 29. Qh5 Rae8 30. Qe5 Qf7 31. Qc5 Rc8 32. Qg5 h6 33. Qe5 Qf6 34.
Qxf6 gxf6 35. Rd6 Kf7 36. g3 Ke7 37. Kf1 Rc7 38. Ke1 Rb8 39. R1d2 Be8 40. R6d4
f5 41. Rc2 Rb3 42. h3 Rcb7 43. Nd1 Bc6 44. Rdd2 h5 45. h4 f4 46. gxf4 Rh3 47.
Ne3 Rxh4 48. f5 Rh1+ 49. Ke2 h4 50. fxe6 Kxe6 51. Nd5 Be8 52. Rc3 Bh5+ 53. Ke3
Ke5 54. f4+ exf3 55. Nf4 Bf7 56. Nd3+ Kf5 57. Kxf3 Rg1 58. Rf2 Re7 59. Rg2 Bh5+
60. Kf2 Rd1 61. Nc1 Ree1 62. Rg8 Rf1+ 63. Kg2 Rg1+ 64. Kf2 Rdf1+ 65. Ke3 Rxg8 0-1

[Event "London Classic Open 2018"]
[Site "London ENG"]
[Date "2018.12.13"]
[Round "5.59"]
[White "Beckett, Chris J"]
[Black "Mugalu, Hassan"]
[Result "1-0"]
[WhiteElo "2165"]
[BlackElo "1910"]
[WhiteFideId "406244"]
[BlackFideId "451533"]
[EventDate "2018.12.09"]

1. d4 Nf6 2. c4 b6 3. Nc3 Bb7 4. d5 g6 5. e4 d6 6. Nge2 Bg7 7. Ng3 Nbd7 8. Be2
O-O 9. O-O c6 10. Be3 Ne5 11. f4 Ned7 12. Rc1 Re8 13. Bf3 Rc8 14. Qd2 c5 15.
Rce1 Ba6 16. b3 Qc7 17. Rd1 Qb8 18. a4 Red8 19. Kh1 Kh8 20. Rfe1 Rg8 21. Nge2
Rcd8 22. g4 Qc8 23. g5 Ne8 24. Bg4 h5 25. gxh6 Bxh6 26. e5 Qc7 27. e6 fxe6 28.
Bxe6 Rg7 29. f5 Bxe3 30. Qxe3 Nf8 31. Qh6+ Nh7 32. Nf4 gxf5 33. Rg1 Bc8 34.
Qxg7+ 1-0

[Event "London Classic Open 2018"]
[Site "London ENG"]
[Date "2018.12.13"]
[Round "5.60"]
[White "Keely, Leo A"]
[Black "Georgescu, Lena"]
[Result "1/2-1/2"]
[BlackTitle "WFM"]
[WhiteElo "1964"]
[BlackElo "2162"]
[WhiteFideId "410241"]
[BlackFideId "1331973"]
[EventDate "2018.12.09"]

1. e4 c5 2. Nc3 Nc6 3. f4 g6 4. Nf3 Bg7 5. g3 d6 6. Bg2 e6 7. O-O Nge7 8. d3 O-O
9. Be3 Nd4 10. Ne2 Nxf3+ 11. Bxf3 Bxb2 12. Rb1 Bg7 13. d4 c4 14. Qd2 d5 15. f5
exf5 16. e5 b6 17. Nf4 Be6 18. Qg2 Qd7 19. Bc1 Rad8 20. Ba3 Rfe8 21. c3 Nc8 22.
h4 Kh8 23. Bd1 f6 24. Nxe6 Qxe6 25. Ba4 Rg8 26. exf6 Qxf6 27. Rbe1 a6 28. Bc1 h6
29. Bf4 b5 30. Bc2 Qf7 31. Qd2 h5 32. Be5 Kh7 33. g4 Bxe5 34. Rxe5 Nd6 35. Kh1
hxg4 36. h5 Rde8 37. hxg6+ Kxg6 38. Qf4 Rh8+ 39. Kg1 Rh5 40. Rf2 Rxe5 41. dxe5
Nc8 42. Kf1 Ne7 43. Qxg4+ Rg5 44. Qd4 Qe6 45. Rh2 Kf7 46. Bd1 Qg6 47. Bf3 Qe6
48. Bh5+ Kg7 49. Qf4 Qh6 50. Qf3 Rg4 51. Bxg4 Qxh2 52. Bxf5 Qxe5 53. Bc2 Ng6 54.
Qg2 Qf6+ 55. Ke2 Qe6+ 56. Kd1 Kf7 57. Qg5 Ne5 58. Bf5 Qf6 59. Qh5+ Ke7 60. Kc2
Kd6 61. Qh3 Kc6 62. Kb1 Qg5 63. Bc2 Qf6 64. Qc8+ Kb6 65. Qb8+ Kc5 66. Qa7+ Qb6
67. Qe7+ Qd6 68. Qa7+ Qb6 69. Qe7+ Qd6 70. Qa7+ Qb6 1/2-1/2

[Event "London Classic Open 2018"]
[Site "London ENG"]
[Date "2018.12.13"]
[Round "5.61"]
[White "Cramling Bellon, Anna"]
[Black "Quinn, John M"]
[Result "0-1"]
[WhiteTitle "WFM"]
[WhiteElo "1927"]
[BlackElo "2160"]
[WhiteFideId "32009232"]
[BlackFideId "405043"]
[EventDate "2018.12.09"]

1. d4 Nf6 2. c4 g6 3. Nc3 Bg7 4. e4 d6 5. h3 O-O 6. Bg5 c5 7. d5 e6 8. Bd3 exd5
9. exd5 Nbd7 10. f4 Qa5 11. Qd2 a6 12. Nge2 b5 13. cxb5 Nb6 14. Bxf6 Bxf6 15.
Ne4 Qxd2+ 16. Kxd2 Bxb2 17. Rab1 c4 18. Rxb2 cxd3 19. Kxd3 axb5 20. N2c3 Ba6 21.
Rb4 f5 22. Ng5 Rfe8 23. Kd4 Rac8 24. Rd1 h6 25. Ne6 Nxd5 26. Nxd5 Rxe6 27. Rdb1
Rc2 28. Nc3 Rd2# 0-1

[Event "London Classic Open 2018"]
[Site "London ENG"]
[Date "2018.12.13"]
[Round "5.62"]
[White "Rogacewicz, Mikolaj"]
[Black "Stewart, Ashley"]
[Result "1-0"]
[WhiteElo "1925"]
[BlackElo "2160"]
[WhiteFideId "21842981"]
[BlackFideId "419001"]
[EventDate "2018.12.09"]

1. d4 Nf6 2. c4 g6 3. Nc3 Bg7 4. e4 d6 5. f3 O-O 6. Be3 c5 7. Nge2 Nc6 8. Qd2
cxd4 9. Nxd4 Nxd4 10. Bxd4 Be6 11. Be2 Rc8 12. b3 Qa5 13. Rc1 a6 14. O-O b5 15.
cxb5 axb5 16. Qd3 b4 17. Na4 Nh5 18. Be3 Bd7 19. Nb6 Nf4 20. Qa6 Nxe2+ 21. Qxe2
Bb5 22. Qf2 Rc3 23. Rxc3 bxc3 24. Rc1 e6 25. a4 Bd3 26. Bd4 Qb4 27. Bxg7 Kxg7
28. Qe3 Qxb3 29. Nd7 Rd8 30. Qd4+ e5 31. Nxe5 dxe5 32. Qxd8 Qa3 33. Qg5 Qc5+ 34.
Kh1 h6 35. Qg3 c2 36. Qe1 Qa3 37. Ra1 Qc5 38. Rc1 Qa3 39. Qd2 Qb3 40. g3 Qa3 41.
Kg2 Qb3 42. g4 Qc4 43. h3 Kh7 44. Kg3 Qd4 45. a5 Bxe4 46. Qxd4 exd4 47. Kf4 d3
48. Ke3 Bxf3 49. Kxd3 Bg2 50. h4 g5 51. hxg5 hxg5 52. Ke3 Kg6 53. Rxc2 Bh1 54.
Rc1 Bg2 55. a6 f5 56. Kf2 Be4 57. gxf5+ Kxf5 58. a7 g4 59. Rc8 Kf4 60. Rc4 g3+
61. Kg1 1-0

[Event "London Classic Open 2018"]
[Site "London ENG"]
[Date "2018.12.13"]
[Round "5.63"]
[White "Hughes, Anthony"]
[Black "Stone, Andrew M"]
[Result "1/2-1/2"]
[WhiteTitle "CM"]
[WhiteElo "1910"]
[BlackElo "2157"]
[WhiteFideId "1803093"]
[BlackFideId "404985"]
[EventDate "2018.12.09"]

1. d4 d5 2. Nf3 Nf6 3. c4 e6 4. g3 Bb4+ 5. Bd2 Bd6 6. Nc3 c6 7. Qc2 Nbd7 8. e4
dxe4 9. Nxe4 Nxe4 10. Qxe4 Nf6 11. Qe2 b6 12. Bg2 Bb7 13. O-O O-O 14. Ne5 Rc8
15. Bg5 Re8 16. Rad1 h6 17. Bf4 Qe7 18. Rfe1 Red8 19. Bh3 Re8 20. Bg2 Red8 21.
Bh3 Re8 22. Bg2 Red8 23. Bh3 1/2-1/2

[Event "London Classic Open 2018"]
[Site "London ENG"]
[Date "2018.12.13"]
[Round "5.64"]
[White "Rushbrooke, Remy"]
[Black "Willmoth, Robert F"]
[Result "1-0"]
[BlackTitle "CM"]
[WhiteElo "1909"]
[BlackElo "2144"]
[WhiteFideId "443590"]
[BlackFideId "402540"]
[EventDate "2018.12.09"]

1. d4 d6 2. c4 e5 3. d5 Be7 4. e4 Nf6 5. Nc3 O-O 6. Be2 Nbd7 7. Be3 a6 8. Qc2 c6
9. h4 Rb8 10. Ba7 Ra8 11. Be3 Qc7 12. Nh3 Rd8 13. g4 Nf8 14. Qd1 Bd7 15. g5 Ne8
16. Rc1 c5 17. h5 Rdb8 18. Bf1 b5 19. b3 bxc4 20. Bxc4 Qc8 21. Ng1 Bb5 22. Qf3
Bxc4 23. bxc4 Rb4 24. Nce2 Rab8 25. Ng3 Bd8 26. Nf5 Qd7 27. Ne2 Ra4 28. Qh3 g6
29. Nh6+ Kg7 30. Qg3 Rxa2 31. Nc3 Ba5 32. O-O Ra3 33. Bxc5 dxc5 34. Qxe5+ f6 35.
Qxb8 Bxc3 36. Rxc3 Rxc3 37. Rb1 Nd6 38. hxg6 hxg6 39. gxf6+ Kxh6 40. Qxf8+ Kh7
41. Qe7+ Qxe7 42. fxe7 Rxc4 43. e5 Ne8 44. Rd1 Re4 45. d6 1-0

[Event "London Classic Open 2018"]
[Site "London ENG"]
[Date "2018.12.13"]
[Round "5.65"]
[White "Longson, Sarah N"]
[Black "Dias, Savin"]
[Result "1-0"]
[WhiteTitle "WFM"]
[WhiteElo "2137"]
[BlackElo "1903"]
[WhiteFideId "2501465"]
[BlackFideId "442399"]
[EventDate "2018.12.09"]

1. e4 c5 2. Nf3 d6 3. d4 cxd4 4. Nxd4 Nf6 5. Nc3 a6 6. h3 e6 7. g4 Be7 8. Bg2
Qc7 9. Be3 O-O 10. Qd2 Nfd7 11. O-O Nc6 12. f4 Nxd4 13. Bxd4 b5 14. f5 Bb7 15.
g5 exf5 16. exf5 Bxg2 17. Qxg2 Ne5 18. Nd5 Qd7 19. Rad1 Qe8 20. Nc7 Qc6 21. Qxc6
Nxc6 22. Nxa8 Bxg5 23. Bxg7 Kxg7 24. Rxd6 Nb4 25. Nc7 Be3+ 26. Kh1 Rc8 27. Rd7
Bb6 28. c3 Bxc7 29. cxb4 Be5 30. Rf2 Rc4 31. f6+ Bxf6 32. Rd6 Bd4 33. Rd2 Be3
34. R2d3 Rc1+ 35. Kg2 Rc2+ 36. Kf3 Bg5 37. R3d5 h6 38. Rxa6 Rxb2 39. Rxb5 Be7
40. Rb7 Bxb4 41. Rab6 Rxa2 42. Rxb4 Ra3+ 43. Rb3 Ra4 44. Rc3 Ra1 45. Rcc7 Rf1+
46. Kg2 Rf6 47. Kg3 Rg6+ 48. Kf4 Rf6+ 49. Kg4 Rg6+ 50. Kh4 Rf6 51. Rc4 Rf5 52.
Rg4+ Kh7 53. Kg3 Rf1 54. Rf4 1-0

[Event "London Classic Open 2018"]
[Site "London ENG"]
[Date "2018.12.13"]
[Round "5.66"]
[White "Day, Christopher"]
[Black "Tozer, Philip A A"]
[Result "1/2-1/2"]
[WhiteElo "1761"]
[BlackElo "2137"]
[WhiteFideId "2625326"]
[BlackFideId "419982"]
[EventDate "2018.12.09"]

1. d4 e6 2. c4 Nf6 3. g3 Bb4+ 4. Bd2 a5 5. Nf3 O-O 6. Bg2 d6 7. Qc2 Nbd7 8. a3
Bxd2+ 9. Nbxd2 e5 10. O-O Qe7 11. e4 a4 12. Rad1 Re8 13. Rfe1 exd4 14. Nxd4 Nc5
15. Nf1 Bd7 16. Ne3 Rab8 17. Nef5 Bxf5 18. Nxf5 Qf8 19. Re2 g6 20. Nd4 Qg7 21.
Nb5 Re7 22. Rde1 Ra8 23. f4 Ne8 24. e5 c6 25. Nc3 Rd7 26. Bh3 Rdd8 27. Ne4 Nxe4
28. Qxe4 Nc7 29. e6 fxe6 30. Bxe6+ Kh8 31. f5 Rf8 32. fxg6 Rae8 33. Qg4 Nxe6 34.
Rxe6 Rxe6 35. Qxe6 Qxb2 36. Qe7 Qf2+ 37. Kh1 Qf3+ 1/2-1/2

[Event "London Classic Open 2018"]
[Site "London ENG"]
[Date "2018.12.13"]
[Round "5.67"]
[White "Eche, Sylvain"]
[Black "Orishko, Ostap"]
[Result "1-0"]
[WhiteElo "2136"]
[BlackElo "1897"]
[WhiteFideId "627194"]
[BlackFideId "14136856"]
[EventDate "2018.12.09"]

1. e4 c5 2. Nf3 e6 3. d4 cxd4 4. Nxd4 Nc6 5. Nc3 Qc7 6. g3 a6 7. Bg2 Bb4 8. O-O
h5 9. Nce2 Nf6 10. c3 Be7 11. Bg5 Ng4 12. Bxe7 Nxe7 13. h3 Ne5 14. b3 N5c6 15.
Qd2 b6 16. Qg5 Rh7 17. Rad1 Bb7 18. Qe3 O-O-O 19. c4 d6 20. Rd2 Nxd4 21. Nxd4 e5
22. Ne2 f5 23. Rfd1 h4 24. b4 hxg3 25. fxg3 fxe4 26. g4 Kb8 27. c5 bxc5 28. bxc5
d5 29. Bxe4 Rhh8 30. Bg2 d4 31. Qb3 Ka8 32. Qa3 Ka7 33. Bxb7 Qxb7 34. Rb2 Qe4
35. Rd3 Rb8 36. Qxa6+ 1-0

[Event "London Classic Open 2018"]
[Site "London ENG"]
[Date "2018.12.13"]
[Round "5.68"]
[White "Jaufarally, Nadia"]
[Black "Burrows, Martin P"]
[Result "0-1"]
[WhiteElo "1833"]
[BlackElo "2134"]
[WhiteFideId "443727"]
[BlackFideId "409057"]
[EventDate "2018.12.09"]

1. e4 c5 2. Nf3 d6 3. d4 cxd4 4. Nxd4 Nf6 5. Nc3 a6 6. Be2 e5 7. Nb3 Be7 8. O-O
O-O 9. Kh1 b6 10. f3 Bb7 11. Be3 b5 12. a4 b4 13. Na2 a5 14. c3 bxc3 15. Nxc3
Na6 16. Qd2 Nb4 17. Rfd1 d5 18. exd5 Nfxd5 19. Nxd5 Bxd5 20. Nc5 Qc8 21. Nd3 Bb3
22. Rdc1 Qf5 23. Qc3 Nd5 24. Qxe5 Qxe5 25. Nxe5 Nxe3 26. Rc3 Nc2 27. Rd1 Bxa4
28. b3 Bb4 29. Rxc2 Bxb3 30. Rdc1 Bxc2 31. Rxc2 Rfe8 32. f4 Bd6 33. Nd3 Rac8 34.
Ra2 Rc3 35. Rd2 Rxe2 0-1

[Event "London Classic Open 2018"]
[Site "London ENG"]
[Date "2018.12.13"]
[Round "5.69"]
[White "Hosdurga, Chirag"]
[Black "Bhawoodien, Mohamed Ozayr"]
[Result "0-1"]
[BlackTitle "FM"]
[WhiteElo "1758"]
[BlackElo "2123"]
[WhiteFideId "438189"]
[BlackFideId "14306484"]
[EventDate "2018.12.09"]

1. d4 Nf6 2. c4 e6 3. Nf3 d5 4. Nc3 dxc4 5. e3 a6 6. Bxc4 b5 7. Bb3 Bb7 8. O-O
c5 9. Qe2 Nbd7 10. Rd1 Bd6 11. a3 O-O 12. Bc2 Qc7 13. Bd2 b4 14. Na4 cxd4 15.
Rac1 Qb8 16. Bxb4 Bxb4 17. axb4 dxe3 18. Qxe3 Ng4 19. Qd3 Ndf6 20. h3 Ne5 21.
Nxe5 Qxe5 22. Nc5 Bc6 23. Qd6 Qxd6 24. Rxd6 Bb5 25. Rcd1 Rfc8 26. Bb3 Kf8 27.
Rb6 Rcb8 28. Rbd6 Ke7 29. f4 Rd8 30. Rb6 Rxd1+ 31. Bxd1 Nd5 32. Rb7+ Kf6 33.
Ne4+ Kg6 34. Bc2 f5 35. Nd6 Bc6 36. g4 Bxb7 37. Nxb7 Nxf4 38. Kh2 Rb8 39. Nc5
Rxb4 40. b3 Rb6 41. Kg3 Ne2+ 42. Kh4 Nd4 43. gxf5+ exf5 44. Bd1 Kh6 45. Nd7 Rb4
46. Nc5 Ne2+ 47. Ne4 Rxe4# 0-1

[Event "London Classic Open 2018"]
[Site "London ENG"]
[Date "2018.12.13"]
[Round "5.71"]
[White "Bates, Caspar J"]
[Black "Woltery, Nicolai"]
[Result "1/2-1/2"]
[WhiteElo "2113"]
[BlackElo "1817"]
[WhiteFideId "414760"]
[BlackFideId "436887"]
[EventDate "2018.12.09"]

1. c4 Nf6 2. g3 g6 3. Bg2 Bg7 4. d4 O-O 5. Nc3 d6 6. Nf3 Nbd7 7. O-O e5 8. Qc2
exd4 9. Nxd4 Nb6 10. b3 c5 11. Ndb5 a6 12. Na3 Bf5 13. e4 Nxe4 14. Bxe4 Bxe4 15.
Nxe4 Bxa1 16. Bg5 f6 17. Bh6 Bd4 18. Bxf8 Qxf8 19. Qd3 f5 20. Ng5 Re8 21. Nc2
Bf6 22. Nh3 Kg7 23. Rd1 Nc8 24. Nf4 Be5 25. Nd5 Qf7 26. Kf1 Rd8 27. f4 Bf6 28.
Qf3 Rd7 29. Rd3 Na7 30. Nb6 Rd8 31. Qd1 Be7 32. Ne3 Nc6 33. Ned5 Nd4 34. Re3 Bf8
35. Qe1 Nc2 36. Qc3+ Nd4 1/2-1/2